100 Inseln und Inselgruppen nach Hinweis - Statistiken

Allgemein
  • Dieses Quiz wurde 48 mal gespielt
  • Das Durchschnittsergebnis liegt bei 65 aus 100
Antwortstatistiken
Hinweis Antwort % Korrekt
2 Mit dem Ballermann beliebtes Reiseziel für Deutsche Mallorca
100%
1 Größte Insel des Mittelmeers und Heimat der Cosa Nostra Sizilien
100%
4 Heimat von Reggae, Ska und Dub Jamaika
97%
3 Größte Insel Deutschlands mit bekannten Kreidefelsen Rügen
97%
15 Zu großen Teilen von Eis bedeckt größte Insel der Welt Grönland
95%
10 Bestehend aus den Landesteilen England, Schottland und Wales Großbritannien
95%
6 In einen türkischen Norden und griechischen Süden geteilte Insel Zypern
95%
40 Diese Insel war früher unter dem Namen Ceylon bekannt Sri Lanka
92%
16 Bei Reichen und Punker beliebte Insel mit nördlichstem Punkt Deutschlands Sylt
92%
45 Spanische Inselgruppe im Atlantik, zu der u.a. Fuerteventura und Lanzarote gehören Kanaren
89%
22 In der Antike befand sich auf dieser Insel der Koloss, eines der Sieben Weltwunder Rhodos
89%
13 Zweitgrößte Insel des Mittelmeers, Heimat des "Madenkäses" Casu Marzu Sardinien
89%
27 Inselstaat im Persischen/Arabischen Golf, welcher über eine Brücke mit Saudi-Arabien verbunden ist Bahrain
86%
63 Niederländisches Überseegebiet, bekannt für blauen Likör, qualifiziert für die Fußball-WM 2026 Curaçao
86%
60 Einzige deutsche Hochseeinsel in der Nordsee Helgoland
86%
95 Auf dieser Insel befindet sich der Vulkan Eyjafjallajökull, welcher 2010 große Teile des Europäischen Flugverkehrs lahmlegte Island
86%
37 Bevölkerungsreichte Insel Indonesiens und Name einer objektorientierten Programmiersprache Java
86%
33 Diese Pazifikinsel ist durch ihre großen Kopfstatuen bekannt Osterinsel
86%
12 Größte zu Australien gehörende Insel, dessen endemischer Beutelwolf 1936 ausgestorben ist Tasmanien
86%
5 Die Staaten Malaysia, Indonesien und Brunei kontrollieren diese Insel Borneo
84%
56 Nach dieser Insel im Norden Japans ist eine Kürbissorte benannt Hokkaido
84%
30 Fußballer Cristiano Ronaldo ist auf dieser Atlantikinsel geboren Madeira
84%
77 Karibikinsel, auf der Popsängerin Rihanna geboren ist Barbados
81%
68 Napoleon Bonaparte lebte kurzzeitig auf dieser zu Italien gehörenden Insel Elba
81%
79 Ehemalige britische Kolonie, welche 1997 an China zurückgegeben wurde Hong Kong
81%
84 HC Strache erinnert sich eher negativ an seinen Urlaub auf dieser Baleareninsel zurück Ibiza
81%
61 Die Stationierung von Atomraketen auf dieser damals von Fidel Castro regierten Insel lösten fast den Dritten Weltkrieg aus Kuba
81%
36 Auf dieser Insel befindet sich der Central Garden, die Wall Street und das Empire State Building Manhattan
81%
31 Bevölkerungsreichster Stadtstaat der Welt auf Insel in der Straße von Malakka Singapur
81%
78 Atoll mitten im Pazifik und Bundesstaat der USA Hawaii
78%
46 Die größten Städte dieser Mittelmeerinsel heißen Ajaccio und Bastia Korsika
78%
9 Heimat der bronzezeitlichen Minoerkultur mit dem Palast von Knossos Kreta
78%
26 Durch die antike Dichterin Sappho ist eine Form der Homosexualität nach dieser Insel benannt Lesbos
78%
87 Berüchtigte ehemalige Gefängnisinsel vor San Francisco Alcatraz
76%
59 Portugiesische Atlantikinseln, die als Ursprungsgebiet von Hochdruckgebieten bekannt sind Azoren
76%
54 Hinduistische bei Touristen beliebte Insel Indonesiens Bali
76%
35 Im Zentrum eines Territorialdisputes zwischen Argentinien und dem Vereinigten Königreich Falklandinseln
76%
14 Größte Insel Schleswig-Holsteins, auf der sich der Ort Puttgarden befindet Fehmarn
76%
81 Atlantikinseln und eines der wohlhabendsten Länder Afrikas die erst im 15. Jahrhundert nach Entdeckung durch portugiesische Seefahrer besiedelt wurden Kap Verden
76%
64 "Blumeninsel" im Bodensee Mainau
76%
52 Ostseeinsel an der Grenze von Deutschland zu Polen Usedom
76%
75 Niederländische Kolonie im Karibischen Meer und das A der ABC-Inseln Aruba
73%
80 Touristische Insel vor Neapel, nach der eine Tütensaft-Marke benannt ist Capri
73%
73 Pazifikinsel und zweitkleinster Staat der Erde Nauru
73%
74 Größte und bevölkerungsreichste Insel Japans Honshu
70%
20 Steuerparadies im Ärmelkanal, nach dem ein Staat der USA benannt ist Jersey
70%
92 Größte Insel des Indischen Ozeans, auf der Lemuren und Chamäleons endemisch sind Madagaskar
70%
90 Inselgruppe im Indischen Ozean mit Inseln exklusiv für Touristen und exklusiv für Einheimische Malediven
70%
28 Dieser Inselstaat wurde lange von den Johanniter-Rittern kontrolliert Malta
70%
11 Beobachtung der dort heimischen Finkenarten sollen Darwin zu seiner Evolutionstheorie inspiriert haben Galapagos Inseln
68%
18 Insel in der Irischen See, welche der Britischen Krone untertänig, aber kein Teil des Vereinigten Königreiches ist Isle of Man
68%
66 Karibikinsel, auf denen sich das Staatsgebiet von Haiti und der Dominikanischen Republik befindet Hispaniola
65%
69 Inselstaat im Indischen Ozean mit dem weltweit größten Vorkommen an Riesenschildkröten Seychellen
65%
39 Karibische Inselgruppe, welche die erste Entdeckung von Christopher Kolumbus war Bahamas
62%
19 Größte und westlichste der Ostfriesischen Inseln, auf der das Klaasohm-Fest stattfindet Borkum
62%
34 Diese Insel im Osten Kanadas wurde im 11. Jahrhundert von Wikingern besiedelt Neufundland
62%
41 Insel, welche zur Hälfte zu Indonesien gehört und eine unglaubliche Sprachvielfalt besitzt Neuguinea
62%
24 Zweitgrößte der Ostfriesischen Inseln zwischen Juist und Amrum Norderney
59%
44 Größte US-amerikanische Karibikinsel und Heimat von Bad Bunny Puerto Rico
59%
88 Zu Norwegen gehörende Arktische Insel(-gruppe), auf der sich die weltweit größte Pflanzensamenbank befindet Spitzbergen
59%
85 Napoleon Bonaparte starb auf dieser Insel im Atlantischen Ozean St Helena
59%
23 Diese große zu Indonesien gehörende Insel ist von der Malaiischen Halbinsel durch die Straße von Malakka getrennt Sumatra
59%
7 Paul Gauguin malte seine bekanntesten Bilder auf dieser französischen Pazifikinsel Tahiti
59%
25 Nach verlorenem Bürgerkrieg floh die Kuomintang auf diese früher Formosa genannte Insel Taiwan
59%
50 Der Osten dieser Insel wurde 2002 von Indonesien unabhängig Timor
59%
98 Atlantikinsel bekannt für kurze Hosen und Dreiecke Bermudas
57%
48 Nach einer Krokodilart benannte Steuerparadies-Inselgruppe in der Karibik Cayman Islands
57%
99 Zu Dänemark gehörende Inselgruppe in der Nordsee mit hohem Grad an Autonomie Färöer-Inseln
57%
49 Vulkaninsel in der Ägäis mit berühmten blauen Kuppeln, auch unter dem Namen Thira/Thera bekannt Santorin
57%
86 Insel der Kleinen Antillen, dessen Regierung 1983 von den USA gestürzt wurde Grenada
54%
76 Griechische Insel im Ionischen Meer an der Grenze zu Albanien, beliebt bei Touristen Korfu
54%
71 Bevölkerungsreichste Insel Polynesiens der größte Stadt Auckland ist Nordinsel
54%
8 Pazifikinselstaat, dessen Top-Level-Domain bei illegalen Streaminganbietern beliebt ist Tonga
54%
29 Nordfriesische Insel westlich von Wyk und Titel eines Filmes von Fatih Akin Amrum
51%
21 Insel bestehend aus den Provinzen Leinster, Munster, Connacht und Ulster Irland
51%
89 Insel im Bundesstaat New York, nach der ein Cocktail mit Rum, Vodka, Gin, Tequila und Cola benannt ist Long Island
51%
70 Pazifischer Inselstaat, der dreimal die Weltmeisterschaft und einmal die Olympischen Spiele im 7er-Rugby gewinnen konnte Fidschi
49%
38 Die Musikrichtung Calypso stammt von dieser Karibikinsel Trinidad
49%
47 Auf dieser französischen Karibikinsel wurde Napoleons Frau Josephine und der antikolonialistische Theoretiker Frantz Fanon geboren Martinique
46%
82 Inselstaat der Kleinen Antillen und Heimat der Nobelpreisträger Sir Arthur Lewis (Wirtschaft) und Derek Walcott (Literatur) St Lucia
46%
65 Auf dieser Pazifik-Insel befindet sich der Aoraki, bzw. Mount Cook, Fjorde und "Alpen" Südinsel
43%
43 Dänische Ostseeinsel, welche abseitig des restlichen Landes zwischen Polen und Schweden liegt Bornholm
41%
42 Größte Insel der südlichen Philippinen Mindanao
41%
17 Inselgruppe im Pazifik, deren westliche Inseln deutsche Kolonie waren, während die östlichen Inseln bis heute zu den USA gehören Samoa
41%
91 Größte Insel der Volksrepublik China im Süden des Landes Hainan
38%
51 Größte und bevölkerungsreichte Insel der Philippinen Luzon
38%
55 Inselkette zwischen Alaska und Kamtschatka und zwischen der Beringsee und dem Pazifik Aleuten
35%
53 Größte Insel der Ostsee, welche zu Schweden gehört Gotland
35%
58 Auf dieser französischen Karibikinsel befindet sich mit dem Soufrière der höchste Berg der Kleinen Antillen Guadeloupe
35%
100 Auf dieser Insel bei Kapstadt wurde Nelson Mandela jahrelange gefangen gehalten Robben Island
35%
96 Dänemarks Hauptstadt Kopenhagen befindet sich auf dieser Insel Sjaeland
35%
62 Der sagenhafte Held Odysseus war König dieser griechischen Insel Ithaka
32%
67 Zu Jemen gehörende Insel im Indischen Ozean mit ungewöhnlicher Flora Sokotra
32%
57 Die Stadt Odense befindet sich auf dieser dänischen Insel Fünen
30%
83 Melanesische Inselgruppe, auf der 110 unterschiedliche Sprachen gesprochen werden Vanuatu
30%
97 Größte Insel Kanadas und fünfgrößte der Welt nördlich der Hudsonbucht Baffininsel
27%
32 Diese Indonesischen Inseln sind durch die dort vorkommenden Muskatnuss- und Gewürznelkenbäume als Gewürzinseln bekannt Molukken
27%
94 Auf dieser japanischen Inselgruppe wurde die Kampfsportart Karate erfunden Ryukyu
27%
93 Der Südteil dieser russischen Insel gehörte bis zum Zweiten Weltkrieg zu Japan Sachalin
27%
72 Bei dieser Inselgruppe mitten im Pazifik fand eine wichtige Seeschlacht im Zweiten Weltkrieg statt Midway-Inseln
24%
Keine übereinstimmenden Quizze gefunden
Verteilung der Resultate
Anzahl Personen mit jedem Resultat
Perzentil nach korrekt beantworteten Fragen
Ihre Resultats-Entwicklung
Sie haben dieses Quiz noch nicht gespielt